[Event "Santa Cruz de Tenerife Autumn op"]
[Site "Santa Cruz de Tenerife"]
[Date "2019.10.16"]
[Round "1"]
[White "Darias Darias, Luis"]
[Black "Fernandez Garcia, Jose Luis"]
[Result "0-1"]
[WhiteElo "1662"]
[BlackElo "2404"]
[PlyCount "36"]
[EventDate "2019.10.16"]
[EventType "swiss"]
[EventRounds "9"]
[EventCountry "ESP"]
[SourceTitle "CBM 192 Extra"]
[Source "Chessbase"]
[SourceDate "2019.11.06"]
[SourceVersion "1"]
[SourceVersionDate "2019.11.06"]
[SourceQuality "1"]

1. e4 Nf6 2. Nc3 e5 3. Nf3 Nc6 4. Bc4 Nxe4 5. Bd5 Nxc3 6. dxc3 f6 7. Nh4 Ne7 8. Be4 g6 9. Qf3 Bg7 10. Be3 f5 11. Nxf5 Nxf5 12. Bxf5 Rf8 13. g4 d6 14. 0-0-0 gxf5 15. gxf5 Rxf5 16. Qg3 Qf6 17. Rhg1 Kf7 18. f4 exf4 0-1

[Event "Tenerife-ch Seniors"]
[Site "Santa Cruz"]
[Date "2019.02.01"]
[Round "1"]
[White "Darias Darias, Luis"]
[Black "Cordero Alamo, Ramon"]
[Result "1-0"]
[WhiteElo "1682"]
[BlackElo "1342"]
[PlyCount "67"]
[EventDate "2019.02.01"]
[EventType "swiss"]
[EventRounds "7"]
[EventCountry "ESP"]
[SourceTitle "EXT 2024"]
[Source "ChessBase"]
[SourceDate "2023.10.10"]
[SourceVersion "1"]
[SourceVersionDate "2023.10.10"]
[SourceQuality "1"]

1. d4 Nf6 2. c3 g6 3. Nf3 Bg7 4. e3 0-0 5. Bd3 d6 6. 0-0 Nbd7 7. Bc2 e5 8. e4 exd4 9. cxd4 Re8 10. Nc3 Nb6 11. h3 Nfd7 12. Re1 c5 13. Bf4 cxd4 14. Nxd4 Be5 15. Bxe5 dxe5 16. Nf3 a6 17. Qe2 Qc7 18. Rac1 Nf8 19. Bb3 Qe7 20. Qe3 Nbd7 21. Nd5 Qd8 22. Nc7 Rb8 23. Nxe8 Qxe8 24. Ng5 Ne6 25. Nxe6 fxe6 26. Qa7 b5 27. Qc7 Ra8 28. Red1 Qe7 29. Rd6 Kg7 30. Rxe6 Qf8 31. Rxe5 Kh6 32. Rd5 Nf6 33. Qf4+ g5 34. Qxg5# 1-0

[Event "Santa Cruz de Tenerife Autumn op"]
[Site "Santa Cruz de Tenerife"]
[Date "2018.10.22"]
[Round "4"]
[White "Aguirre Lorenzo, Luis Francisco"]
[Black "Darias Darias, Luis"]
[Result "1-0"]
[WhiteElo "1888"]
[BlackElo "1719"]
[PlyCount "79"]
[EventDate "2018.10.15"]
[EventType "swiss"]
[EventRounds "9"]
[EventCountry "ESP"]
[SourceTitle "CBM 187 Extra"]
[Source "ChessBase"]
[SourceDate "2018.11.04"]
[SourceVersion "1"]
[SourceVersionDate "2018.11.04"]
[SourceQuality "1"]

1. Nf3 Nf6 2. c4 a6 3. g3 b5 4. cxb5 axb5 5. Bg2 Bb7 6. Qb3 c6 7. Nc3 e6 8. 0-0 Be7 9. d4 0-0 10. e4 b4 11. e5 Nd5 12. Ne4 f5 13. exf6 gxf6 14. Bd2 Na6 15. Rfc1 f5 16. Nc5 Rb8 17. Bh6 Rf6 18. Bg5 Rg6 19. Bxe7 Qxe7 20. Ne5 Nxc5 21. Nxg6 hxg6 22. dxc5 d6 23. Bxd5 exd5 24. Qxb4 dxc5 25. Qxc5 Qxc5 26. Rxc5 Re8 27. Rc2 Re6 28. f3 Kf7 29. Kf2 Ba6 30. Re1 Rd6 31. Rec1 Bb7 32. b4 Ke6 33. b5 cxb5 34. Rc7 Rb6 35. Rg7 Ke5 36. Rcc7 Ba6 37. Rgd7 Kd4 38. Rc1 Bb7 39. h4 Kd3 40. Rcc7 1-0

[Event "Santa Cruz de Tenerife Autumn op"]
[Site "Santa Cruz de Tenerife"]
[Date "2018.10.15"]
[Round "1"]
[White "Darias Darias, Luis"]
[Black "Hernandez Leon, Alberto"]
[Result "0-1"]
[WhiteElo "1719"]
[BlackElo "2239"]
[PlyCount "62"]
[EventDate "2018.10.15"]
[EventType "swiss"]
[EventRounds "9"]
[EventCountry "ESP"]
[SourceTitle "CBM 187 Extra"]
[Source "ChessBase"]
[SourceDate "2018.11.04"]
[SourceVersion "1"]
[SourceVersionDate "2018.11.04"]
[SourceQuality "1"]

1. d4 c5 2. c3 Nf6 3. Nf3 g6 4. Nbd2 Bg7 5. g3 b6 6. Bg2 Bb7 7. 0-0 0-0 8. Ne5 Bxg2 9. Kxg2 d6 10. Nef3 Nc6 11. Nb3 cxd4 12. Nbxd4 Qc7 13. Kg1 a6 14. Re1 e5 15. Nc2 d5 16. Bg5 Rad8 17. Qc1 Rfe8 18. Rd1 Qc8 19. Kg2 Qb7 20. Kg1 b5 21. h3 Rd7 22. Be3 Rc8 23. Qd2 Ne4 24. Qe1 Na5 25. Nd2 d4 26. Nxe4 Qxe4 27. f3 Qxc2 28. cxd4 Nc4 29. b3 Nxe3 30. Rdc1 Rdc7 31. Rxc2 Nxc2 0-1

[Event "Santa Cruz de Tenerife op 28th"]
[Site "Santa Cruz de Tenerife"]
[Date "2017.12.20"]
[Round "4"]
[White "Darias Darias, Luis"]
[Black "Alvarez Alonso, Alberto"]
[Result "1/2-1/2"]
[WhiteElo "1778"]
[BlackElo "2022"]
[PlyCount "100"]
[EventDate "2017.12.15"]
[EventType "swiss"]
[EventRounds "9"]
[EventCountry "ESP"]
[SourceTitle "CBM 182 Extra"]
[Source "ChessBase"]
[SourceDate "2018.02.23"]
[SourceVersion "1"]
[SourceVersionDate "2018.02.23"]
[SourceQuality "1"]

1. d4 Nf6 2. Nf3 g6 3. Nbd2 d6 4. b3 Bg7 5. Bb2 Nbd7 6. g3 c5 7. c3 b6 8. Bg2 Bb7 9. 0-0 0-0 10. Re1 Qc7 11. Rc1 Rac8 12. e4 Qb8 13. Qe2 cxd4 14. cxd4 Rxc1 15. Rxc1 Rc8 16. e5 Rxc1+ 17. Bxc1 Qc8 18. Qc4 Qxc4 19. bxc4 dxe5 20. Nxe5 Bxg2 21. Kxg2 Nxe5 22. dxe5 Nd7 23. f4 Kf8 24. Kf3 Ke8 25. Ne4 f6 26. exf6 exf6 27. Ba3 f5 28. Ng5 Bf8 29. Bxf8 Nxf8 30. Ke3 Ke7 31. Kd3 h6 32. Nf3 Nd7 33. Kd4 Ke6 34. h3 Kd6 35. g4 fxg4 36. hxg4 h5 37. gxh5 gxh5 38. Nh4 Nf6 39. a4 Nd7 40. Nf5+ Ke6 41. Ng7+ Kf7 42. Nxh5 Nc5 43. Kd5 Nxa4 44. Ng3 Nb2 45. Ne4 a5 46. Nd6+ Kf6 47. Kd4 a4 48. Kc3 a3 49. Kb3 Nxc4 50. Nxc4 Kf5 1/2-1/2

[Event "Santa Cruz de Tenerife Autumn op"]
[Site "Santa Cruz de Tenerife"]
[Date "2017.10.11"]
[Round "2"]
[White "Hidalgo Santana, Fernando"]
[Black "Darias Darias, Luis"]
[Result "1-0"]
[WhiteElo "2128"]
[BlackElo "1770"]
[PlyCount "93"]
[EventDate "2017.10.09"]
[EventType "swiss"]
[EventRounds "9"]
[EventCountry "ESP"]
[SourceTitle "CBM 181 Extra"]
[Source "ChessBase"]
[SourceDate "2017.12.12"]
[SourceVersion "1"]
[SourceVersionDate "2017.12.12"]
[SourceQuality "1"]

1. c4 a6 2. Nc3 e6 3. e4 Bb4 4. Qb3 Nc6 5. Nf3 Qe7 6. a3 Bc5 7. d3 h6 8. g3 g5 9. Bg2 Qd6 10. 0-0 g4 11. Ne1 Nd4 12. Qd1 h5 13. b4 Ba7 14. c5 Qe5 15. Bf4 Qg7 16. Nc2 Nb3 17. d4 Nxa1 18. Nxa1 Bb8 19. e5 f5 20. d5 Ne7 21. Re1 h4 22. Qd2 hxg3 23. hxg3 c6 24. d6 Ng6 25. Nb3 Ba7 26. Na4 Rb8 27. Nb6 Nxf4 28. Qxf4 Qh6 29. Na5 Bxb6 30. cxb6 Kf7 31. Kf1 Kg6 32. Ke2 Qg5 33. Rh1 Rxh1 34. Qxg5+ Kxg5 35. Bxh1 f4 36. Be4 Ra8 37. Kd3 Rb8 38. Kd4 Ra8 39. a4 Rb8 40. Nb3 Ra8 41. Bc2 Rb8 42. a5 Ra8 43. Nc5 Rb8 44. Ne4+ Kf5 45. Nf6+ Kg5 46. Nh7+ Kh5 47. Ke4 1-0

[Event "Santa Cruz de Tenerife Trophy"]
[Site "Santa Cruz de Tenerife"]
[Date "2017.03.30"]
[Round "4"]
[White "Darias Darias, Luis"]
[Black "Meneses Gonzalez, Kevin Moises"]
[Result "0-1"]
[WhiteElo "1762"]
[BlackElo "2317"]
[PlyCount "72"]
[EventDate "2017.03.09"]
[EventType "swiss"]
[EventRounds "9"]
[EventCountry "ESP"]
[SourceTitle "EXT 2018"]
[Source "ChessBase"]
[SourceDate "2017.10.13"]
[SourceVersion "1"]
[SourceVersionDate "2017.10.13"]
[SourceQuality "1"]

1. d4 Nf6 2. Nf3 g6 3. e3 Bg7 4. Bd3 0-0 5. 0-0 d6 6. h3 Nbd7 7. Nbd2 e5 8. c3 Re8 9. e4 b6 10. Re1 Bb7 11. a4 a6 12. dxe5 dxe5 13. Nb3 Nf8 14. Qc2 Nh5 15. Bg5 Bf6 16. Be3 Ne6 17. g3 Bg7 18. Bc4 Nf6 19. Ng5 Nxg5 20. Bxg5 Qd7 21. Bf1 Nxe4 22. Bg2 Nxg5 23. Bxb7 Nxh3+ 24. Kh2 Rab8 25. Rad1 Qg4 26. Re4 Nf4 27. gxf4 Rxb7 28. Rd3 Rbb8 29. Rg3 Qh4+ 30. Rh3 Qf6 31. Qe2 Qd6 32. Nd4 f5 33. Ree3 e4 34. Qc4+ Kf8 35. Rxh7 c5 36. Nxf5 Qxf4+ 0-1

[Event "Tenerife Navidad op 27th"]
[Site "Tenerife"]
[Date "2016.12.29"]
[Round "9"]
[White "Darias Darias, Luis"]
[Black "Jimenez Arteaga, Angel"]
[Result "1-0"]
[WhiteElo "1759"]
[BlackElo "1903"]
[PlyCount "107"]
[EventDate "2016.12.19"]
[EventType "swiss"]
[EventRounds "9"]
[EventCountry "ESP"]
[SourceTitle "CBM 176 Extra"]
[Source "ChessBase"]
[SourceDate "2017.03.02"]
[SourceVersion "1"]
[SourceVersionDate "2017.03.02"]
[SourceQuality "1"]

1. d4 d5 2. c4 c6 3. e3 Nf6 4. Nc3 e6 5. a3 Nbd7 6. Nf3 Bd6 7. Bd3 0-0 8. e4 dxe4 9. Nxe4 Nxe4 10. Bxe4 f5 11. Bc2 e5 12. c5 Be7 13. b4 e4 14. Nd2 Nf6 15. Nc4 Be6 16. Bb3 Bd5 17. Ne3 Bxb3 18. Qxb3+ Nd5 19. 0-0 f4 20. Nxd5 cxd5 21. Re1 Kh8 22. a4 Qd7 23. f3 e3 24. b5 g5 25. Ra2 Bf6 26. Rd1 Qg7 27. Qxd5 Rad8 28. Qc4 Rxd4 29. Rxd4 Bxd4 30. Kf1 Rd8 31. c6 bxc6 32. bxc6 Qg8 33. Rc2 Qxc4+ 34. Rxc4 Bb6 35. Ke2 Kg8 36. h4 h6 37. hxg5 hxg5 38. a5 Bxa5 39. Rc5 Bc7 40. Rxg5+ Kf7 41. g3 fxg3 42. Bxe3 a5 43. f4 Rd6 44. Rc5 Rg6 45. f5 Rg8 46. Rd5 Rc8 47. Bg5 Rg8 48. Rd7+ Ke8 49. Re7+ Kf8 50. Rxc7 Rxg5 51. Kf1 Rxf5+ 52. Kg2 Rg5 53. Ra7 Ke8 54. Ra8+ 1-0

[Event "Santa Cruz de Tenerife op"]
[Site "Santa Cruz de Tenerife"]
[Date "2016.08.24"]
[Round "8"]
[White "Darias Darias, Luis"]
[Black "Aguirre Lorenzo, Luis Francisco"]
[Result "1/2-1/2"]
[WhiteElo "1759"]
[BlackElo "1987"]
[PlyCount "101"]
[EventDate "2016.08.08"]
[EventType "swiss"]
[EventRounds "9"]
[EventCountry "ESP"]
[SourceTitle "CBM 174 Extra"]
[Source "ChessBase"]
[SourceDate "2016.10.10"]
[SourceVersion "1"]
[SourceVersionDate "2016.10.10"]
[SourceQuality "1"]

1. d4 Nf6 2. Nf3 g6 3. g3 Bg7 4. Bg2 0-0 5. c4 d6 6. 0-0 Nc6 7. Nc3 a6 8. h3 Rb8 9. Be3 b5 10. cxb5 axb5 11. Nd2 Bd7 12. Rc1 e5 13. dxe5 Nxe5 14. Ba7 Rc8 15. Bb7 Bxh3 16. Re1 Ra8 17. Bd4 Rb8 18. Bh1 b4 19. Nd5 Nxd5 20. Bxd5 Rb5 21. Qb3 c5 22. Bxe5 Bxe5 23. Nf3 Bg7 24. Red1 Qf6 25. Qd3 Rb6 26. b3 Bf5 27. e4 Bg4 28. Kg2 Bxf3+ 29. Qxf3 Qxf3+ 30. Kxf3 Bd4 31. Ke2 Kg7 32. g4 Re8 33. f4 Ra6 34. Rc2 f5 35. gxf5 gxf5 36. Kd3 Ra7 37. Rg2+ Kf6 38. Rh1 Rg7 39. Rh6+ Rg6 40. Rgh2 Re7 41. exf5 Kxf5 42. Rxh7 Rg3+ 43. Kc4 Rxh7 44. Rxh7 Kxf4 45. Rh2 Rc3+ 46. Kb5 Ke5 47. Rh5+ Kf4 48. Rh2 Be5 49. Re2 Re3 50. Rxe3 Kxe3 51. Kc4 1/2-1/2

[Event "Tenerife-ch"]
[Site "Santa Cruz de Tenerife"]
[Date "2016.04.06"]
[Round "3.9"]
[White "Darias Darias, Luis"]
[Black "Bernardez Gonzalez, Roberto"]
[Result "1-0"]
[WhiteElo "1757"]
[BlackElo "1571"]
[PlyCount "57"]
[EventDate "2016.04.01"]
[EventType "swiss"]
[EventRounds "9"]
[EventCountry "ESP"]
[SourceTitle "EXT 2024"]
[Source "ChessBase"]
[SourceDate "2023.10.10"]
[SourceVersion "1"]
[SourceVersionDate "2023.10.10"]
[SourceQuality "1"]

1. Nf3 c5 2. c4 Nf6 3. Nc3 Nc6 4. d4 cxd4 5. Nxd4 a6 6. e4 e6 7. Nxc6 bxc6 8. e5 Ng8 9. a3 Qa5 10. Bf4 Ne7 11. b4 Qc7 12. Ne4 Ng6 13. Nd6+ Bxd6 14. exd6 Qd8 15. Bg3 c5 16. Be2 0-0 17. h4 Qf6 18. Qc1 Bb7 19. h5 Ne5 20. 0-0 h6 21. Qf4 Qxf4 22. Bxf4 f6 23. bxc5 Bc6 24. Rab1 Nf7 25. Bd3 Rac8 26. Be3 Ne5 27. Be2 Be4 28. Rb6 Kf7 29. Rd1 1-0

[Event "Tenerife-ch Seniors"]
[Site "Santa Cruz de Tenerife"]
[Date "2016.01.15"]
[Round "1.3"]
[White "Darias Darias, Luis"]
[Black "Rodriguez Perez, Mauro"]
[Result "1/2-1/2"]
[WhiteElo "1769"]
[BlackElo "1899"]
[PlyCount "71"]
[EventDate "2016.01.15"]
[EventType "tourn"]
[EventRounds "7"]
[EventCountry "ESP"]
[SourceTitle "EXT 2024"]
[Source "ChessBase"]
[SourceDate "2023.10.10"]
[SourceVersion "1"]
[SourceVersionDate "2023.10.10"]
[SourceQuality "1"]

1. d4 Nf6 2. c4 e6 3. Nc3 Bb4 4. Qc2 0-0 5. Nf3 b6 6. Bg5 Bb7 7. Nd2 h6 8. Bh4 Nc6 9. e3 Be7 10. a3 Nh5 11. Bxe7 Qxe7 12. Be2 Nf6 13. Bf3 a6 14. 0-0 Na5 15. e4 Nc6 16. Qd3 e5 17. d5 Nd4 18. Bd1 c5 19. f4 exf4 20. Rxf4 d6 21. Ne2 Qe5 22. g3 Nxe2+ 23. Bxe2 Bc8 24. Nf3 Qe7 25. Rd1 g5 26. e5 gxf4 27. gxf4 dxe5 28. fxe5 Nh5 29. Qe4 f5 30. Qe3 f4 31. Qb3 Rb8 32. Kh1 Rf7 33. e6 Rg7 34. Qd3 Qf6 35. Ra1 Kf8 36. Ne5 1/2-1/2

[Event "Santa Cruz de Tenerife op 26th"]
[Site "Santa Cruz de Tenerife"]
[Date "2015.12.23"]
[Round "7"]
[White "Reyes Garcia, Kilian Manuel"]
[Black "Darias Darias, Luis"]
[Result "0-1"]
[WhiteElo "1199"]
[BlackElo "1769"]
[PlyCount "40"]
[EventDate "2015.12.15"]
[EventType "swiss"]
[EventRounds "9"]
[EventCountry "ESP"]
[SourceTitle "CBM 170 Extra"]
[Source "ChessBase"]
[SourceDate "2016.02.25"]
[SourceVersion "1"]
[SourceVersionDate "2016.02.25"]
[SourceQuality "1"]

1. d4 d5 2. c4 e5 3. Nc3 dxc4 4. e3 exd4 5. Qxd4 Be6 6. Qxd8+ Kxd8 7. Nf3 c6 8. Ne5 b5 9. g3 f6 10. Nf3 Bb4 11. Bd2 Bxc3 12. Bxc3 Bd5 13. Bg2 a5 14. a3 Ne7 15. 0-0 Ke8 16. Nd4 Bxg2 17. Kxg2 Kf7 18. Rfd1 g6 19. Nf3 Re8 20. Nd2 Nd5 0-1